00534nam a22001697a 4500003000900000005001700009007000300026008003500029020001800064040002500082100002000107245007500127260004900202300002000251500006300271504003000334DO-SdBNP20240301132954.0ta210908b 2015 dr 00| 0 eng d a9789945498516 aDO-SdBNPbspacBNPHU1 aAraujo, Lorenzo1 aMesianismo sociológico en la poesía de Pedro Mir /cLorenzo Araujo aSanto Domingo :bUniversitaria -UASD,c2015. a48 p. ;c21 cm. aIncluye datos biográficos del autor en la contracubierta aBibliografía : p. 47-48